000 00950nam a22002297a 4500
001 47619
003 BD-RjUL
005 20211209054343.0
008 160809s2002 bg ||||| |||| 00| 0 ben d
020 _a9843218852
_c: TK 130.00
035 _a(BD-RjUL)47738
040 _aBD-RjUL
_bben
_cBD-RjUL
041 _aben
082 _223
_a526.982
_bAHA 2002
100 _aআহমদ, রকীব
_9144710
245 1 0 _aএরিয়াল ফটো ইন্টাপ্রিটেশন ও ফটোগ্রামেট্রি = Aerial photo interpretation and photogrammetry /
_cরকীব আহমদ
260 _aঢাকা :
_bতাহাসিনা রহমান,
_c২০০২
300 _a[১২], ১৫০ পৃ. :
_bচিত্র ;
_c২১ সেমি.
650 _aAerial photogrammetry
_9144711
650 _aবৈমানিক ফটোগ্রামেট্রি
_9144712
942 _2ddc
_cBK
999 _c47619
_d47619